000 00684nam a2200289Ia 4500
005 20260324133357.0
008 008 260324s9999 xx 000 0 eng d
020 _a9781849770682
037 _aEBOOK
040 _aCRL
040 _beng
040 _cCRL
041 _2eng
041 _aeng
084 _qCRL
100 _aIan R Swingland
_91192866
245 0 _aCapturing Carbon and Conserving Biodiversity
245 4 _bThe Market Approach
260 _bTaylor and Francis
260 _c2003
365 _a
365 _b230
856 _uhttp://www.taylorfrancis.com/books/9781849770682
942 _cEBOOK
999 _c1791841
_d1791841